LEADER 00911nam0-22003131i-450- 001 990001331340403321 010 $a2-87647-067-5 035 $a000133134 035 $aFED01000133134 035 $a(Aleph)000133134FED01 035 $a000133134 100 $a20000920d1990----km-y0itay50------ba 101 0 $aeng 200 1 $a<>géometrie non Euclidéenne$fPaul Barbarin. 205 $a3. ed. - 210 $aSceaux (F)$cEditions Jacques Gabay$dc1990. 215 $a176 p.$d24 cm 300 $aRiproduzione autorizzata della III edizione pubblicata da Gauthier-Villars nel 1928. 610 0 $aGeometrie non euclidee 676 $a516.9 700 1$aBarbarin,$bPaul$054281 801 0$aIT$bUNINA$gRICA$2UNIMARC 901 $aBK 912 $a990001331340403321 952 $a124-M-36$b12719$fMA1 959 $aMA1 996 $aGéometrie non Euclidéenne$9344845 997 $aUNINA DB $aING01 LEADER 03204nam 2200637 450 001 9910787053903321 005 20231213013151.0 010 $a0-7391-9917-X 035 $a(CKB)3710000000248171 035 $a(EBL)1798288 035 $a(SSID)ssj0001467635 035 $a(PQKBManifestationID)11828850 035 $a(PQKBTitleCode)TC0001467635 035 $a(PQKBWorkID)11535845 035 $a(PQKB)11109895 035 $a(Au-PeEL)EBL1798288 035 $a(CaPaEBR)ebr11024211 035 $a(OCoLC)893202475 035 $a(MiAaPQ)EBC1798288 035 $a(EXLCZ)993710000000248171 100 $a20150310h20142014 uy 0 101 0 $aeng 135 $aur|n|---||||| 181 $ctxt 182 $cc 183 $acr 200 00$aCritical articulations of race, gender, and sexual orientation /$fedited by Sheena C. Howard 210 1$aLanham, [Maryland] :$cLexington Books,$d2014. 210 4$d©2014 215 $a1 online resource (297 p.) 300 $aDescription based upon print version of record. 311 $a0-7391-9918-8 311 $a0-7391-9916-1 320 $aIncludes bibliographical references at the end of each chapters and index. 327 $aContents; Acknowledgments; Introduction; "In Teaching Persona"; I: Queer Identity Matrix; Chapter 1: Coming In/Out of the Closet; Chapter 2: Divided Loyalties; Chapter 3: Young Black and Latino Gay Men's Experiences with Racial Microaggressions; Chapter 4: Organizing Foreignness; "The Origin of Coming Out"; II: Identity Formation; Chapter 5: Latinas in the United States; Chapter 6: Me and My Shadow(s); Chapter 7: Reliving Oppression; Chapter 8: Coming Out, Covering, Connecting; "What Truth?"; III: Mass Mediated Representations; Chapter 9: Trans*ing Priestly Performances 327 $aChapter 10: Marking My Black Feminist HeterosexismChapter 11: Heterosexual Masculinity, the Self, and Social Needs; Chapter 12: A Multimodal Critical Discourse Analysis (MCDA) of Race, Class, Gender, and Sexual Orientation within the YouTube-based "It Gets Better Project"; Chapter 13: "Don't Even Go There!"; Chapter 14: Friends of Batman (And Dorothy); Index; About the Contributors; About the Editor 330 $aThis collection features engaging scholarly essays and creative writings that examine the meaning of race, gender, and sexual orientation as interlocking systems of oppression. It provides a meaningful space to analyze identity and identity politics, highlighting the complexities of identity formation in the twenty-first century. 606 $aMinority gay men 606 $aMinority lesbians 606 $aSex discrimination 606 $aLesbians$xIdentity 606 $aGay people$xIdentity 615 0$aMinority gay men. 615 0$aMinority lesbians. 615 0$aSex discrimination. 615 0$aLesbians$xIdentity. 615 0$aGay people$xIdentity. 676 $a305.90664 702 $aHoward$b Sheena C. 801 0$bMiAaPQ 801 1$bMiAaPQ 801 2$bMiAaPQ 906 $aBOOK 912 $a9910787053903321 996 $aCritical articulations of race, gender, and sexual orientation$93733478 997 $aUNINA LEADER 02600nam 2200769z- 450 001 9910585937503321 005 20220812 035 $a(CKB)5600000000483107 035 $a(oapen)https://directory.doabooks.org/handle/20.500.12854/91152 035 $a(oapen)doab91152 035 $a(EXLCZ)995600000000483107 100 $a20202208d2022 |y 0 101 0 $aeng 135 $aurmn|---annan 181 $ctxt$2rdacontent 182 $cc$2rdamedia 183 $acr$2rdacarrier 200 00$aPowder and High-Solid Coatings 210 $aBasel$cMDPI - Multidisciplinary Digital Publishing Institute$d2022 215 $a1 online resource (158 p.) 311 08$a3-0365-4719-3 311 08$a3-0365-4720-7 330 $aThis volume illustrates some of the most innovative aspects of organic coatings designed not only to protect against corrosion but also to obtain smart coatings. Both modification of the composition of organic coatings and performance evaluation techniques are presented. 606 $aHistory of engineering and technology$2bicssc 606 $aMaterials science$2bicssc 606 $aTechnology: general issues$2bicssc 610 $aageing treatments 610 $aaluminum trihydrate 610 $aATH 610 $acataphoretic deposition process 610 $acoating degradation 610 $acolloidal silver 610 $acorrosion inhibitor films 610 $acorrosion protection 610 $acorrosion resistance 610 $adurability 610 $aelectrochemical activity 610 $aelectrochemical impedance spectroscopy 610 $aelectrochemical tests 610 $aFBE 610 $agraphene 610 $agraphene oxide 610 $ahigh-solid coating 610 $alaboratory accelerated test 610 $alow VOC 610 $amarine atmosphere 610 $amicroelectrode 610 $aoffshore applications 610 $aorganic powder coatings 610 $apearlescent pigments 610 $apolymer matrix 610 $apowder coating 610 $apowder coatings 610 $arust converter 610 $arusted steel 610 $asalt spray chamber 610 $ascanning electrochemical microscopy 610 $aUV-B exposure test 615 7$aHistory of engineering and technology 615 7$aMaterials science 615 7$aTechnology: general issues 700 $aRossi$b Stefano$4edt$0151670 702 $aRossi$b Stefano$4oth 906 $aBOOK 912 $a9910585937503321 996 $aPowder and High-Solid Coatings$93035975 997 $aUNINA